000 00219nam a22000857a 4500
008 161124b xxu||||| |||| 00| 0 eng d
100 _91393
_aMoraise.P
245 _aThe Elephant and Crab
260 _aNew Delhi
_bBPI India
_c2011
999 _c4109
_d4109